Paesi che Iniziano con la E - Quiz con mappa - Statistics

Statistiche generali
  • Questo quiz è stato fatto 105 volte
  • Il punteggio medio è 7 su 8
Risposte nella Mappa
Le risposte nella mappa del quiz sottostante sono codificate secondo una scala di colori dal rosso al verde in base alla % di persone che hanno risposto correttamente.
 
Statistiche sulle risposte
Paesi % Corretto
Egitto
100%
Estonia
100%
Ecuador
98%
Etiopia
97%
Emirati Arabi Uniti
92%
Eritrea
92%
El Salvador
86%
eSwatini
73%
Nessun quiz corrispondente trovato
Distribuzione punteggi
Percentuale di utenti per punteggio
Percentile per numero di risposta
I tuoi punteggi nel tempo
Non hai fatto questo quiz